Abuja journal of public and international law (Record no. 38023)
[ view plain ]
| 000 -LEADER | |
|---|---|
| fixed length control field | 00451nam a2200157Ia 4500 |
| 022 ## - INTERNATIONAL STANDARD SERIAL NUMBER | |
| ISSN | 22511431 |
| 050 ## - CALL MARK | |
| Classification number | K 1 .P21 .A105/ |
| 245 #0 - TITLE STATEMENT | |
| Title | Abuja journal of public and international law |
| 260 ## - PUBLICATION, DISTRIBUTION, ETC. (IMPRINT) | |
| Place of publication | Abuja |
| 260 ## - PUBLICATION, DISTRIBUTION, ETC. (IMPRINT) | |
| Name of publisher | Publication of department of Public and International Law, University of Abuja. |
| 260 ## - PUBLICATION, DISTRIBUTION, ETC. (IMPRINT) | |
| Year of publication | 2010 |
| 300 ## - PHYSICAL DESCRIPTION | |
| Number of Pages | vii, 452 p. ; 23 cm. |
| 942 ## - ADDED ENTRY ELEMENTS (KOHA) | |
| Koha item type | Serials |
No items available.